000
00291nam a22001337a 4500
008
190226b xxu||||| |||| 00| 0 eng d
020
_a
9780944210093
041
_a
eng
080
_a
371
100
_a
25
101
_a
EDU
245
_a
Voices and Values
_c
Goldstein, J,M
942
_2
udc
_c
BK
999
_c
54260
_d
54260